Handbook on SPSS for research work. (Record no. 165326)

MARC details
000 -LEADER
fixed length control field 00359nam a2200145Ia 4500
008 - FIXED-LENGTH DATA ELEMENTS--GENERAL INFORMATION
fixed length control field 230917s9999||||xx |||||||||||||| ||und||
040 ## - CATALOGING SOURCE
-- 202919
Original cataloging agency VIVEKANANDA LIBRARY
041 ## - Language
-- English
082 ## - DDC NUMBER
Classification number 005.1 M687H
100 ## - MAIN ENTRY--PERSONAL NAME
Personal name Mishra ,Anil kumar
245 #0 - TITLE STATEMENT
Title Handbook on SPSS for research work.
260 ## - PUBLICATION, DISTRIBUTION, ETC. (IMPRINT)
Place of publication, distribution, etc Mumbai
Name of publisher, distributor, etc Himalaya
Date of publication, distribution, etc 2011
300 ## - PHYSICAL DESCRIPTION
Pages 146 p.
942 ## - ADDED ENTRY ELEMENTS (KOHA)
Koha item type Books
Holdings
Withdrawn status Lost status Damaged status Not for loan Location (home branch) Sublocation or collection (holding branch) Shelving location Date acquired Koha issues (times borrowed) Koha full call number Accession No. Koha date last seen Koha item type
        VIVEKANANDA LIBRARY VIVEKANANDA LIBRARY IMSAR Library 03/10/2012   005.1 M687H 304291 17/09/2023 Books
        VIVEKANANDA LIBRARY VIVEKANANDA LIBRARY IMSAR Library 03/10/2012   005.1 M687H 304292 17/09/2023 Books
        VIVEKANANDA LIBRARY VIVEKANANDA LIBRARY IMSAR Library 03/10/2012   005.1 M687H 304293 17/09/2023 Books
        VIVEKANANDA LIBRARY VIVEKANANDA LIBRARY IMSAR Library 03/10/2012   005.1 M687H 304294 17/09/2023 Books
        VIVEKANANDA LIBRARY VIVEKANANDA LIBRARY   03/10/2012   005.1 M687H 338087 17/09/2023 Books
        VIVEKANANDA LIBRARY VIVEKANANDA LIBRARY   03/10/2012   005.1 M687H 340320 17/09/2023 Books
        VIVEKANANDA LIBRARY VIVEKANANDA LIBRARY IMSAR Library 03/10/2012   005.1 M687H 343008 17/09/2023 Books
        VIVEKANANDA LIBRARY VIVEKANANDA LIBRARY IMSAR Library 03/10/2012   005.1 M687H 343009 17/09/2023 Books
        VIVEKANANDA LIBRARY VIVEKANANDA LIBRARY IMSAR Library 03/10/2012   005.1 M687H 343010 17/09/2023 Books
        VIVEKANANDA LIBRARY VIVEKANANDA LIBRARY IMSAR Library 03/10/2012   005.1 M687H 343011 17/09/2023 Books
© Designed and Maintained by Vivekananda Library, MDU Rohtak